Statistics for Animals in Minecraft

Click here to take the quiz!

General Stats

  • This quiz has been taken 288 times
  • The average score is 8 of 13

Answer Stats

HintAnswer% Correct
Cow
96%
Pig
94%
Sheep
88%
Chicken
79%
Wolf
78%
Horse
72%
Cat
67%
Ocelot
58%
Donkey
54%
Mule
46%
Squid
39%
Mooshroom
33%
Diamond Chicken
0%

Score Distribution

Percentile by Number Answered

Percent of People with Each Score

Your Score History

You have not taken this quiz